| 000 | 00343nam a22001457a 4500 | ||
|---|---|---|---|
| 999 |
_c9158 _d9158 |
||
| 003 | OSt | ||
| 008 | 201118b ||||| |||| 00| 0 eng d | ||
| 100 | _aNagender and Hardiyal | ||
| 245 | _aHindi Sahitya Ka Etihas | ||
| 250 | _a72th ed | ||
| 260 |
_aNew Delhi _bMayur books _c2020 |
||
| 300 | _a869 | ||
| 650 | _aB.A Economics | ||
| 942 |
_2ddc _cBK |
||